[Event "C16"]
[Site "?"]
[Date "2015.08.06"]
[Round "1.1"]
[White "Dobosz, Kacper"]
[Black "Zylka, Stanislaw"]
[Result "1/2-1/2"]
[LiveChessVersion "1.4.6"]
[BlackElo "2197"]
[WhiteElo "1617"]

1. e4 {[%clk 0:15:19]} c5 {[%clk 0:15:16]} 2. Nf3 {[%clk 0:15:27]} Nc6
{[%clk 0:15:23]} 3. d4 {[%clk 0:15:35]} cxd4 {[%clk 0:15:32]} 4. Nxd4
{[%clk 0:15:43]} Nf6 {[%clk 0:15:41]} 5. Nc3 {[%clk 0:15:49]} d6 {[%clk 0:15:50]}
6. Be2 {[%clk 0:15:45]} e5 {[%clk 0:15:57]} 7. Nb3 {[%clk 0:15:48]} Be7
{[%clk 0:16:06]} 8. Be3 {[%clk 0:15:54]} Be6 {[%clk 0:16:08]} 9. O-O
{[%clk 0:15:53]} O-O {[%clk 0:16:16]} 10. f4 {[%clk 0:15:36]} a5 {[%clk 0:15:49]}
11. Kh1 {[%clk 0:13:42]} a4 {[%clk 0:15:33]} 12. Nd2 {[%clk 0:13:50]} exf4
{[%clk 0:15:08]} 13. Bxf4 {[%clk 0:13:53]} Ne5 {[%clk 0:14:05]} 14. Nf3
{[%clk 0:13:01]} Ng6 {[%clk 0:13:59]} 15. Be3 {[%clk 0:12:36]} a3
{[%clk 0:13:51]} 16. bxa3 {[%clk 0:11:39]} Rxa3 {[%clk 0:13:44]} 17. Bd4
{[%clk 0:11:02]} Qa5 {[%clk 0:10:37]} 18. Qd2 {[%clk 0:09:26]} Rc8
{[%clk 0:09:52]} 19. Nb5 {[%clk 0:08:47]} Qxd2 {[%clk 0:09:46]} 20. Nxd2
{[%clk 0:08:55]} Rxa2 {[%clk 0:09:45]} 21. Rxa2 {[%clk 0:08:48]} Bxa2
{[%clk 0:09:53]} 22. Bd3 {[%clk 0:08:19]} Ne5 {[%clk 0:07:07]} 23. Ra1
{[%clk 0:07:17]} Be6 {[%clk 0:06:59]} 24. Na7 {[%clk 0:07:05]} Re8
{[%clk 0:02:36]} 25. Rb1 {[%clk 0:06:57]} Nc6 {[%clk 0:02:26]} 26. Bxf6
{[%clk 0:06:16]} Bxf6 {[%clk 0:01:28]} 27. Rxb7 {[%clk 0:06:24]} Nxa7
{[%clk 0:01:28]} 28. Rxa7 {[%clk 0:06:31]} g6 {[%clk 0:01:37]} 29. h3
{[%clk 0:06:17]} Kg7 {[%clk 0:01:41]} 30. Kh2 {[%clk 0:06:05]} h5
{[%clk 0:01:29]} 31. Bb5 {[%clk 0:05:43]} Rb8 {[%clk 0:01:32]} 32. Bd7
{[%clk 0:05:30]} Bd4 {[%clk 0:01:30]} 33. Rc7 {[%clk 0:05:08]} Bxd7
{[%clk 0:01:07]} 34. Rxd7 {[%clk 0:05:15]} Be5+ {[%clk 0:01:16]} 35. Kg1
{[%clk 0:05:16]} Bg3 {[%clk 0:01:13]} 36. Kf1 {[%clk 0:05:04]} Kf6
{[%clk 0:00:50]} 37. Rc7 {[%clk 0:04:55]} Ke6 {[%clk 0:00:54]} 38. Rc6
{[%clk 0:04:59]} Rb2 {[%clk 0:00:39]} 39. Ke2 {[%clk 0:04:46]} f6
{[%clk 0:00:44]} 40. Nf1 {[%clk 0:04:33]} Be5 {[%clk 0:00:43]} 41. Ne3
{[%clk 0:04:35]} Kd7 {[%clk 0:00:34]} 42. Rc4 {[%clk 0:04:35]} h4
{[%clk 0:00:34]} 43. Kd3 {[%clk 0:04:21]} Rb1 {[%clk 0:00:40]} 44. Ke2
{[%clk 0:04:26]} Ke6 {[%clk 0:00:47]} 45. Kd3 {[%clk 0:04:07]} Rb8
{[%clk 0:00:41]} 46. Nd5 {[%clk 0:03:57]} f5 {[%clk 0:00:35]} 47. Nc7+
{[%clk 0:03:57]} Kd7 {[%clk 0:00:43]} 48. Nd5 {[%clk 0:03:51]} fxe4+
{[%clk 0:00:32]} 49. Kxe4 {[%clk 0:03:55]} Rf8 {[%clk 0:00:24]} 50. Rc7+
{[%clk 0:03:34]} Kd8 {[%clk 0:00:33]} 51. Rh7 {[%clk 0:03:31]} g5
{[%clk 0:00:38]} 52. Rh5 {[%clk 0:03:22]} Rf2 {[%clk 0:00:21]} 53. Rxg5
{[%clk 0:03:17]} Rxc2 {[%clk 0:00:29]} 54. Rg8+ {[%clk 0:03:19]} Kd7
{[%clk 0:00:30]} 55. Rg4 {[%clk 0:03:00]} Rc4+ {[%clk 0:00:30]} 56. Kf5
{[%clk 0:02:59]} Rc2 {[%clk 0:00:28]} 57. Ne3 {[%clk 0:02:39]} Rf2+
{[%clk 0:00:35]} 58. Ke4 {[%clk 0:02:47]} Bg3 {[%clk 0:00:40]} 59. Rg7+
{[%clk 0:02:45]} Kc6 {[%clk 0:00:50]} 60. Rg6 {[%clk 0:02:48]} Rf4+
{[%clk 0:00:46]} 61. Kd3 {[%clk 0:02:51]} Kc5 {[%clk 0:00:47]} 62. Rg5+
{[%clk 0:02:56]} Kc6 {[%clk 0:00:46]} 63. Nf5 {[%clk 0:02:41]} Ra4
{[%clk 0:00:26]} 64. Nxg3 {[%clk 0:02:16]} hxg3 {[%clk 0:00:34]} 65. Kd2
{[%clk 0:02:08]} Ra2+ {[%clk 0:00:43]} 66. Ke3 {[%clk 0:02:08]} Rxg2
{[%clk 0:00:51]} 67. Kf3 {[%clk 0:02:13]} Ra2 {[%clk 0:00:53]} 68. Kxg3
{[%clk 0:02:17]} d5 {[%clk 0:01:01]} 69. h4 {[%clk 0:02:14]} Ra3+
{[%clk 0:00:46]} 70. Kf2 {[%clk 0:02:17]} Rh3 {[%clk 0:00:52]} 71. h5
{[%clk 0:02:24]} Kc5 {[%clk 0:00:58]} 72. Kg2 {[%clk 0:02:04]} Rh4
{[%clk 0:01:07]} 73. Kg3 {[%clk 0:02:04]} Rh1 {[%clk 0:01:15]} 74. Kg2
{[%clk 0:02:11]} 1/2-1/2

[Event "C16"]
[Site "?"]
[Date "2015.08.06"]
[Round "1.3"]
[White "Miasik, Adrian"]
[Black "Winiarski, Mikolaj"]
[Result "0-1"]
[LiveChessVersion "1.4.6"]
[BlackElo "2070"]
[WhiteElo "1579"]

1. d4 {[%clk 0:15:19]} Nf6 {[%clk 0:15:16]} 2. Nf3 {[%clk 0:15:26]} e6
{[%clk 0:15:12]} 3. c4 {[%clk 0:15:32]} b6 {[%clk 0:15:20]} 4. Nc3
{[%clk 0:15:29]} Bb7 {[%clk 0:15:28]} 5. e3 {[%clk 0:15:31]} Bb4 {[%clk 0:15:29]}
6. Qc2 {[%clk 0:15:23]} Ne4 {[%clk 0:14:45]} 7. Bd3 {[%clk 0:14:26]} f5
{[%clk 0:14:35]} 8. O-O {[%clk 0:11:30]} Bxc3 {[%clk 0:13:29]} 9. bxc3
{[%clk 0:11:38]} O-O {[%clk 0:13:32]} 10. d5 {[%clk 0:09:26]} exd5
{[%clk 0:12:38]} 11. cxd5 {[%clk 0:09:29]} Bxd5 {[%clk 0:11:39]} 12. c4
{[%clk 0:09:01]} Bb7 {[%clk 0:11:40]} 13. Bb2 {[%clk 0:09:08]} Na6
{[%clk 0:11:35]} 14. Bxe4 {[%clk 0:08:37]} Bxe4 {[%clk 0:11:22]} 15. Qc3
{[%clk 0:08:43]} Qe7 {[%clk 0:11:19]} 16. Nd2 {[%clk 0:07:34]} Nc5
{[%clk 0:10:37]} 17. Nxe4 {[%clk 0:06:24]} fxe4 {[%clk 0:10:44]} 18. Qe5
{[%clk 0:06:15]} Qxe5 {[%clk 0:10:41]} 19. Bxe5 {[%clk 0:06:24]} d6
{[%clk 0:10:50]} 20. Bd4 {[%clk 0:06:15]} Nb7 {[%clk 0:10:41]} 21. Rad1
{[%clk 0:06:13]} Rae8 {[%clk 0:10:34]} 22. Rd2 {[%clk 0:05:25]} Na5
{[%clk 0:10:24]} 23. Rc2 {[%clk 0:05:07]} Rf7 {[%clk 0:10:15]} 24. Rb1
{[%clk 0:04:54]} Nc6 {[%clk 0:09:47]} 25. Ba1 {[%clk 0:04:23]} Rf5
{[%clk 0:08:32]} 26. Rb5 {[%clk 0:04:07]} Ref8 {[%clk 0:08:36]} 27. h3
{[%clk 0:03:45]} a6 {[%clk 0:08:39]} 28. Rb1 {[%clk 0:03:07]} Rg5
{[%clk 0:07:07]} 29. Bd4 {[%clk 0:02:45]} Re8 {[%clk 0:06:49]} 30. Bxb6
{[%clk 0:01:44]} Rb8 {[%clk 0:05:54]} 31. Rcb2 {[%clk 0:01:36]} Rxb6
{[%clk 0:05:59]} 32. Rxb6 {[%clk 0:01:45]} cxb6 {[%clk 0:06:08]} 33. Rxb6
{[%clk 0:01:54]} Rc5 {[%clk 0:06:17]} 34. Rxa6 {[%clk 0:01:49]} Rxc4
{[%clk 0:06:26]} 35. g3 {[%clk 0:01:35]} Kf7 {[%clk 0:06:31]} 36. Ra8
{[%clk 0:01:42]} d5 {[%clk 0:06:22]} 37. a4 {[%clk 0:01:40]} Ne5 {[%clk 0:05:55]}
38. a5 {[%clk 0:01:33]} Rc1+ {[%clk 0:05:48]} 39. Kg2 {[%clk 0:01:42]} Ra1
{[%clk 0:05:57]} 40. a6 {[%clk 0:01:44]} Nc6 {[%clk 0:05:56]} 41. g4
{[%clk 0:01:38]} Nb4 {[%clk 0:05:26]} 42. Ra7+ {[%clk 0:01:07]} Kg6
{[%clk 0:05:12]} 43. Rb7 {[%clk 0:00:47]} Nxa6 {[%clk 0:05:18]} 44. Kg3
{[%clk 0:00:41]} Nc5 {[%clk 0:04:45]} 45. Rb6+ {[%clk 0:00:40]} Kf7
{[%clk 0:04:39]} 46. Rd6 {[%clk 0:00:35]} Rd1 {[%clk 0:04:41]} 47. h4
{[%clk 0:00:42]} Ne6 {[%clk 0:04:37]} 48. g5 {[%clk 0:00:33]} Ke7
{[%clk 0:04:40]} 49. Ra6 {[%clk 0:00:36]} Rd3 {[%clk 0:04:13]} 50. Kg4
{[%clk 0:00:39]} Rd2 {[%clk 0:04:20]} 51. Kg3 {[%clk 0:00:45]} Rc2
{[%clk 0:03:41]} 52. Ra7+ {[%clk 0:00:42]} Rc7 {[%clk 0:03:48]} 53. Ra6
{[%clk 0:00:48]} Kd7 {[%clk 0:03:51]} 54. Kg4 {[%clk 0:00:51]} Rc6
{[%clk 0:03:58]} 55. Ra7+ {[%clk 0:00:59]} Kd6 {[%clk 0:04:07]} 56. Kf5
{[%clk 0:01:05]} Nc7 {[%clk 0:03:44]} 57. Ra2 {[%clk 0:00:44]} Rb6
{[%clk 0:03:06]} 58. h5 {[%clk 0:00:25]} Rb8 {[%clk 0:03:13]} 59. Kg4
{[%clk 0:00:16]} Rf8 {[%clk 0:03:21]} 60. Rb2 {[%clk 0:00:24]} Ke5
{[%clk 0:03:24]} 61. Rb7 {[%clk 0:00:32]} Ne6 {[%clk 0:03:30]} 62. Rb2
{[%clk 0:00:41]} Rf5 {[%clk 0:03:34]} 63. Kh4 {[%clk 0:00:13]} Rxg5
{[%clk 0:03:39]} 64. Rb6 {[%clk 0:00:20]} Rg2 {[%clk 0:03:40]} 65. Rb2
{[%clk 0:00:29]} Rg1 {[%clk 0:03:27]} 66. Kh3 {[%clk 0:00:21]} Nc5
{[%clk 0:03:34]} 67. Rc2 {[%clk 0:00:18]} Nd3 {[%clk 0:03:42]} 68. Kh2
{[%clk 0:00:27]} Rg5 {[%clk 0:03:50]} 69. Rd2 {[%clk 0:00:29]} Rxh5+
{[%clk 0:03:58]} 70. Kg3 {[%clk 0:00:38]} Rg5+ {[%clk 0:04:02]} 71. Kh3
{[%clk 0:00:46]} Rf5 {[%clk 0:04:07]} 0-1

[Event "C16"]
[Site "?"]
[Date "2015.08.06"]
[Round "1.5"]
[White "Tylenda, Krzysztof"]
[Black "Grela, Kacper"]
[Result "0-1"]
[LiveChessVersion "1.4.6"]
[BlackElo "2015"]
[WhiteElo "1563"]

1. e4 {[%clk 0:15:19]} c5 {[%clk 0:15:18]} 2. Nc3 {[%clk 0:15:28]} d6
{[%clk 0:15:23]} 3. g3 {[%clk 0:15:36]} Nc6 {[%clk 0:15:32]} 4. Bg2
{[%clk 0:15:45]} g6 {[%clk 0:15:39]} 5. d3 {[%clk 0:15:54]} Bg7 {[%clk 0:15:48]}
6. Be3 {[%clk 0:16:03]} e6 {[%clk 0:15:56]} 7. Qd2 {[%clk 0:16:11]} Nd4
{[%clk 0:16:02]} 8. Nd1 {[%clk 0:16:19]} Ne7 {[%clk 0:16:03]} 9. c3
{[%clk 0:16:25]} Ndc6 {[%clk 0:16:11]} 10. Bh6 {[%clk 0:16:34]} Bxh6
{[%clk 0:14:59]} 11. Qxh6 {[%clk 0:16:42]} Ng8 {[%clk 0:15:04]} 12. Qe3
{[%clk 0:16:39]} Bd7 {[%clk 0:15:08]} 13. f4 {[%clk 0:16:43]} Qc7
{[%clk 0:15:06]} 14. Nf3 {[%clk 0:16:46]} Nge7 {[%clk 0:15:03]} 15. O-O
{[%clk 0:16:50]} d5 {[%clk 0:15:03]} 16. e5 {[%clk 0:16:48]} b6 {[%clk 0:14:36]}
17. Nf2 {[%clk 0:16:54]} Nf5 {[%clk 0:14:23]} 18. Qd2 {[%clk 0:16:47]} h5
{[%clk 0:14:20]} 19. d4 {[%clk 0:16:48]} Nce7 {[%clk 0:13:27]} 20. Bh3
{[%clk 0:16:45]} Bb5 {[%clk 0:13:13]} 21. Rfd1 {[%clk 0:16:39]} a5
{[%clk 0:12:33]} 22. a4 {[%clk 0:15:49]} Ba6 {[%clk 0:12:36]} 23. b4
{[%clk 0:15:03]} axb4 {[%clk 0:11:11]} 24. cxb4 {[%clk 0:15:08]} cxb4
{[%clk 0:11:05]} 25. Rdc1 {[%clk 0:14:54]} Bc4 {[%clk 0:10:52]} 26. Qxb4
{[%clk 0:14:59]} Nc6 {[%clk 0:10:51]} 27. Qc3 {[%clk 0:14:43]} Qd7
{[%clk 0:10:01]} 28. Bxf5 {[%clk 0:14:30]} gxf5 {[%clk 0:10:08]} 29. Nd2
{[%clk 0:14:21]} Na5 {[%clk 0:10:12]} 30. Nxc4 {[%clk 0:14:21]} dxc4
{[%clk 0:09:32]} 31. Rd1 {[%clk 0:11:50]} Nb3 {[%clk 0:09:10]} 32. Ra2
{[%clk 0:10:56]} Qd5 {[%clk 0:08:21]} 33. Qb4 {[%clk 0:10:13]} b5
{[%clk 0:08:01]} 34. a5 {[%clk 0:09:44]} h4 {[%clk 0:08:01]} 35. a6
{[%clk 0:08:57]} h3 {[%clk 0:07:46]} 36. Kf1 {[%clk 0:07:50]} Nxd4
{[%clk 0:07:18]} 37. Rxd4 {[%clk 0:06:53]} Qxd4 {[%clk 0:07:27]} 38. Qxb5+
{[%clk 0:07:02]} Qd7 {[%clk 0:07:35]} 39. Qb7 {[%clk 0:07:04]} Qxb7
{[%clk 0:07:21]} 40. axb7 {[%clk 0:07:12]} Rb8 {[%clk 0:07:30]} 41. Nxh3
{[%clk 0:06:51]} Kd7 {[%clk 0:07:12]} 42. Ra8 {[%clk 0:06:34]} Rxa8
{[%clk 0:07:15]} 43. bxa8=Q {[%clk 0:06:41]} Rxa8 {[%clk 0:07:22]} 44. Ng5
{[%clk 0:06:46]} Ke7 {[%clk 0:07:20]} 45. Ke2 {[%clk 0:06:52]} Rd8
{[%clk 0:07:25]} 46. Nf3 {[%clk 0:06:52]} c3 {[%clk 0:07:33]} 47. Ne1
{[%clk 0:06:53]} Rd2+ {[%clk 0:07:24]} 48. Ke3 {[%clk 0:07:01]} Rxh2
{[%clk 0:07:24]} 49. Kd3 {[%clk 0:07:05]} Rh1 {[%clk 0:07:14]} 50. Ng2
{[%clk 0:06:52]} Rg1 {[%clk 0:07:21]} 51. Ne3 {[%clk 0:06:51]} Rxg3
{[%clk 0:07:29]} 52. Kd4 {[%clk 0:06:53]} Rf3 {[%clk 0:07:26]} 53. Nc2
{[%clk 0:06:48]} Rxf4+ {[%clk 0:07:34]} 54. Kxc3 {[%clk 0:06:57]} Re4
{[%clk 0:07:42]} 0-1

[Event "C16"]
[Site "?"]
[Date "2015.08.06"]
[Round "2.1"]
[White "Nowak, Kamil"]
[Black "Janik, Igor"]
[Result "1/2-1/2"]
[LiveChessVersion "1.4.6"]
[BlackElo "2124"]
[WhiteElo "1805"]

1. e4 {[%clk 0:15:19]} c5 {[%clk 0:15:16]} 2. Nf3 {[%clk 0:15:27]} Nc6
{[%clk 0:15:22]} 3. Bb5 {[%clk 0:15:33]} g6 {[%clk 0:15:29]} 4. O-O
{[%clk 0:15:36]} Bg7 {[%clk 0:15:37]} 5. c3 {[%clk 0:15:36]} Nf6 {[%clk 0:15:25]}
6. Re1 {[%clk 0:15:42]} O-O {[%clk 0:15:31]} 7. d4 {[%clk 0:15:43]} cxd4
{[%clk 0:15:25]} 8. cxd4 {[%clk 0:15:50]} d5 {[%clk 0:14:55]} 9. e5
{[%clk 0:15:56]} Ne8 {[%clk 0:14:02]} 10. h3 {[%clk 0:15:34]} Nc7
{[%clk 0:13:58]} 11. Bxc6 {[%clk 0:14:25]} bxc6 {[%clk 0:14:07]} 12. Be3
{[%clk 0:14:11]} Ne6 {[%clk 0:14:00]} 13. Nc3 {[%clk 0:13:14]} Qa5
{[%clk 0:13:45]} 14. Rc1 {[%clk 0:11:52]} Ba6 {[%clk 0:13:11]} 15. Qa4
{[%clk 0:11:21]} Qb6 {[%clk 0:12:48]} 16. Qc2 {[%clk 0:11:29]} Rfc8
{[%clk 0:11:44]} 17. Na4 {[%clk 0:11:26]} Qb5 {[%clk 0:11:25]} 18. b3
{[%clk 0:11:16]} Bf8 {[%clk 0:10:08]} 19. Ng5 {[%clk 0:10:36]} Ng7
{[%clk 0:09:30]} 20. Nc5 {[%clk 0:09:28]} Rc7 {[%clk 0:09:00]} 21. e6
{[%clk 0:08:59]} f6 {[%clk 0:08:46]} 22. Nf7 {[%clk 0:08:56]} Nf5
{[%clk 0:08:06]} 23. Qd2 {[%clk 0:07:58]} Nd6 {[%clk 0:06:07]} 24. Bf4
{[%clk 0:07:05]} Re8 {[%clk 0:05:30]} 25. Nd7 {[%clk 0:06:35]} Bc8
{[%clk 0:03:52]} 26. Bxd6 {[%clk 0:05:42]} Rxd7 {[%clk 0:04:01]} 27. exd7
{[%clk 0:05:32]} Bxd7 {[%clk 0:04:09]} 28. Bxe7 {[%clk 0:04:20]} Bxe7
{[%clk 0:04:03]} 29. Nh6+ {[%clk 0:04:23]} Kg7 {[%clk 0:04:12]} 30. Ng4
{[%clk 0:04:24]} Bxg4 {[%clk 0:03:55]} 31. hxg4 {[%clk 0:04:33]} Bb4
{[%clk 0:03:53]} 32. Qxb4 {[%clk 0:03:41]} Qxb4 {[%clk 0:03:59]} 33. Rxe8
{[%clk 0:03:50]} Qxd4 {[%clk 0:03:51]} 34. Rxc6 {[%clk 0:03:35]} Qd1+
{[%clk 0:03:35]} 35. Kh2 {[%clk 0:03:44]} Qxg4 {[%clk 0:03:43]} 36. Re7+
{[%clk 0:02:56]} Kh6 {[%clk 0:03:42]} 37. Rcc7 {[%clk 0:02:58]} d4
{[%clk 0:03:02]} 38. Rxh7+ {[%clk 0:03:04]} Kg5 {[%clk 0:03:12]} 39. Rhd7
{[%clk 0:02:29]} Qe4 {[%clk 0:02:10]} 40. Rxa7 {[%clk 0:01:52]} Qe5+
{[%clk 0:02:07]} 41. Kg1 {[%clk 0:01:41]} Qe1+ {[%clk 0:02:14]} 42. Kh2
{[%clk 0:01:48]} Qxf2 {[%clk 0:02:22]} 43. Ra5+ {[%clk 0:01:47]} f5
{[%clk 0:02:29]} 44. Rad5 {[%clk 0:01:56]} Qxa2 {[%clk 0:02:32]} 45. b4
{[%clk 0:01:54]} Qf2 {[%clk 0:02:02]} 46. Rxd4 {[%clk 0:01:51]} 1/2-1/2

[Event "C16"]
[Site "?"]
[Date "2015.08.06"]
[Round "2.2"]
[White "Winiarski, Mikolaj"]
[Black "Oleszek, Maciej"]
[Result "1-0"]
[LiveChessVersion "1.4.6"]
[BlackElo "1741"]
[WhiteElo "2070"]

1. d4 {[%clk 0:15:18]} d5 {[%clk 0:15:19]} 2. c4 {[%clk 0:15:22]} e6
{[%clk 0:15:27]} 3. cxd5 {[%clk 0:15:25]} exd5 {[%clk 0:15:36]} 4. Nc3
{[%clk 0:15:31]} Nf6 {[%clk 0:15:37]} 5. Bg5 {[%clk 0:15:30]} Be7
{[%clk 0:15:37]} 6. e3 {[%clk 0:15:31]} O-O {[%clk 0:15:42]} 7. Bd3
{[%clk 0:15:38]} c6 {[%clk 0:15:41]} 8. Qc2 {[%clk 0:15:43]} h6 {[%clk 0:15:48]}
9. Bh4 {[%clk 0:15:44]} Be6 {[%clk 0:15:49]} 10. Nge2 {[%clk 0:15:46]} Nh5
{[%clk 0:14:14]} 11. Bxe7 {[%clk 0:15:26]} Qxe7 {[%clk 0:14:23]} 12. O-O
{[%clk 0:13:47]} Nd7 {[%clk 0:13:45]} 13. b4 {[%clk 0:13:22]} a5 {[%clk 0:11:12]}
14. b5 {[%clk 0:13:15]} c5 {[%clk 0:10:51]} 15. Bf5 {[%clk 0:12:37]} c4
{[%clk 0:10:15]} 16. Bxe6 {[%clk 0:12:07]} fxe6 {[%clk 0:10:22]} 17. e4
{[%clk 0:11:01]} Nb6 {[%clk 0:08:49]} 18. exd5 {[%clk 0:10:45]} exd5
{[%clk 0:08:34]} 19. Qg6 {[%clk 0:10:35]} Nf6 {[%clk 0:08:43]} 20. Ng3
{[%clk 0:10:19]} Qe8 {[%clk 0:08:12]} 21. Qc2 {[%clk 0:09:58]} Qd7
{[%clk 0:06:51]} 22. Rae1 {[%clk 0:09:07]} Rae8 {[%clk 0:06:59]} 23. f3
{[%clk 0:08:24]} Rxe1 {[%clk 0:05:50]} 24. Rxe1 {[%clk 0:08:33]} Re8
{[%clk 0:05:59]} 25. Rxe8+ {[%clk 0:06:50]} Qxe8 {[%clk 0:06:08]} 26. Kf2
{[%clk 0:06:53]} g6 {[%clk 0:05:26]} 27. Qc1 {[%clk 0:06:29]} Kg7
{[%clk 0:04:54]} 28. Qa3 {[%clk 0:06:10]} Qf8 {[%clk 0:03:24]} 29. Qxa5
{[%clk 0:04:27]} Ng4+ {[%clk 0:03:31]} 30. Kg1 {[%clk 0:04:28]} Qf4
{[%clk 0:03:31]} 31. fxg4 {[%clk 0:04:28]} Qxd4+ {[%clk 0:02:10]} 32. Kf1
{[%clk 0:04:32]} Qf4+ {[%clk 0:01:58]} 33. Ke1 {[%clk 0:04:26]} Qe3+
{[%clk 0:00:56]} 34. Nce2 {[%clk 0:04:30]} 1-0

[Event "C16"]
[Site "?"]
[Date "2015.08.06"]
[Round "2.3"]
[White "Snihur, Adam"]
[Black "Walter, Szymon"]
[Result "0-1"]
[LiveChessVersion "1.4.6"]
[BlackElo "2040"]
[WhiteElo "1797"]

1. e4 {[%clk 0:15:20]} c5 {[%clk 0:15:18]} 2. Nf3 {[%clk 0:15:26]} d6
{[%clk 0:15:26]} 3. d4 {[%clk 0:15:35]} cxd4 {[%clk 0:15:34]} 4. Nxd4
{[%clk 0:15:44]} Nf6 {[%clk 0:15:42]} 5. Nc3 {[%clk 0:15:52]} g6 {[%clk 0:15:50]}
6. Be2 {[%clk 0:15:07]} Bg7 {[%clk 0:15:56]} 7. Be3 {[%clk 0:15:16]} O-O
{[%clk 0:16:02]} 8. Nb3 {[%clk 0:13:00]} Nc6 {[%clk 0:16:06]} 9. O-O
{[%clk 0:12:42]} a6 {[%clk 0:16:05]} 10. f3 {[%clk 0:12:48]} b5 {[%clk 0:15:59]}
11. Nd5 {[%clk 0:12:21]} Nd7 {[%clk 0:14:19]} 12. Nd4 {[%clk 0:08:56]} Bb7
{[%clk 0:13:14]} 13. c3 {[%clk 0:08:23]} Nxd4 {[%clk 0:12:42]} 14. Bxd4
{[%clk 0:08:15]} Bxd5 {[%clk 0:12:46]} 15. exd5 {[%clk 0:08:23]} Bxd4+
{[%clk 0:10:33]} 16. Qxd4 {[%clk 0:08:29]} Qb6 {[%clk 0:10:34]} 17. Rfd1
{[%clk 0:07:44]} Qxd4+ {[%clk 0:09:40]} 18. Rxd4 {[%clk 0:07:54]} Nb6
{[%clk 0:09:32]} 19. Re1 {[%clk 0:05:55]} Rac8 {[%clk 0:07:34]} 20. Bd1
{[%clk 0:05:51]} Rc7 {[%clk 0:07:29]} 21. Bb3 Re8 {[%clk 0:06:40]} 22. a4
{[%clk 0:04:36]} Rc5 {[%clk 0:05:03]} 23. axb5 {[%clk 0:03:23]} axb5
{[%clk 0:05:00]} 24. Ra1 {[%clk 0:03:22]} Rec8 {[%clk 0:03:10]} 25. Ra5
{[%clk 0:01:41]} Nc4 {[%clk 0:01:00]} 26. Bxc4 {[%clk 0:01:29]} bxc4
{[%clk 0:01:03]} 27. Ra7 {[%clk 0:00:41]} R8c7 {[%clk 0:00:49]} 28. Rxc7
{[%clk 0:00:36]} Rxc7 {[%clk 0:00:58]} 29. Kf2 {[%clk 0:00:41]} Kg7
{[%clk 0:00:56]} 30. Ke3 {[%clk 0:00:39]} Rc5 {[%clk 0:00:16]} 0-1

[Event "C16"]
[Site "?"]
[Date "2015.08.06"]
[Round "2.5"]
[White "Rzeszowski, Dominik"]
[Black "Putlak, Wojciech"]
[Result "1-0"]
[LiveChessVersion "1.4.6"]
[BlackElo "1995"]
[WhiteElo "1721"]

1. e4 {[%clk 0:15:18]} c5 {[%clk 0:15:19]} 2. Nc3 {[%clk 0:15:28]} Nc6
{[%clk 0:15:26]} 3. g3 {[%clk 0:15:37]} g6 {[%clk 0:15:30]} 4. Bg2
{[%clk 0:15:45]} Bg7 {[%clk 0:15:39]} 5. d3 {[%clk 0:15:55]} d6 {[%clk 0:15:46]}
6. f4 {[%clk 0:16:03]} Nf6 {[%clk 0:15:51]} 7. Nf3 {[%clk 0:16:12]} a6
{[%clk 0:15:56]} 8. O-O {[%clk 0:16:20]} O-O {[%clk 0:16:03]} 9. h3
{[%clk 0:16:28]} Bd7 {[%clk 0:16:06]} 10. Be3 {[%clk 0:16:37]} Rb8
{[%clk 0:16:07]} 11. Qd2 {[%clk 0:16:46]} b5 {[%clk 0:16:15]} 12. Nd1
{[%clk 0:16:55]} Nh5 {[%clk 0:16:06]} 13. Kh2 {[%clk 0:17:03]} e5
{[%clk 0:15:41]} 14. f5 {[%clk 0:16:43]} Nf6 {[%clk 0:15:18]} 15. g4
{[%clk 0:16:51]} Re8 {[%clk 0:14:53]} 16. Nf2 {[%clk 0:15:48]} gxf5
{[%clk 0:14:42]} 17. gxf5 Nd4 18. c3 {[%clk 0:15:14]} Nxf3+ {[%clk 0:14:31]} 19.
Bxf3 {[%clk 0:15:21]} Kh8 {[%clk 0:14:21]} 20. Rg1 Bc6 {[%clk 0:13:36]} 21. Bh6
{[%clk 0:15:21]} Rg8 {[%clk 0:13:33]} 22. Bxg7+ {[%clk 0:15:15]} Rxg7
{[%clk 0:13:42]} 23. Rxg7 {[%clk 0:15:23]} Kxg7 {[%clk 0:13:52]} 24. Rg1+
{[%clk 0:15:32]} Kf8 {[%clk 0:13:45]} 25. Qh6+ {[%clk 0:15:31]} Ke7
{[%clk 0:13:52]} 26. Ng4 {[%clk 0:15:29]} Nxg4+ {[%clk 0:13:44]} 27. Bxg4
{[%clk 0:15:32]} Kd7 {[%clk 0:13:33]} 28. Qxh7 {[%clk 0:15:23]} Qf6
{[%clk 0:13:35]} 29. Bh5 {[%clk 0:15:26]} Ke7 {[%clk 0:13:28]} 30. Bxf7
{[%clk 0:15:22]} Rh8 {[%clk 0:13:26]} 31. Qg7 {[%clk 0:15:06]} Qxg7
{[%clk 0:11:08]} 32. Rxg7 {[%clk 0:15:15]} Kf8 {[%clk 0:10:08]} 33. f6
{[%clk 0:14:50]} Bd7 {[%clk 0:10:11]} 34. Bh5 {[%clk 0:14:16]} Bxh3
{[%clk 0:08:58]} 35. Kxh3 {[%clk 0:14:24]} Rxh5+ {[%clk 0:09:07]} 36. Kg4
{[%clk 0:14:33]} Rh6 {[%clk 0:09:11]} 37. Kf5 {[%clk 0:14:10]} Rh3
{[%clk 0:09:14]} 38. Ra7 {[%clk 0:13:58]} Rxd3 {[%clk 0:09:14]} 39. Ke6
{[%clk 0:14:07]} Kg8 {[%clk 0:09:01]} 40. Ra8+ {[%clk 0:13:59]} Kh7
{[%clk 0:09:05]} 41. f7 {[%clk 0:14:08]} 1-0

[Event "C16"]
[Site "?"]
[Date "2015.08.06"]
[Round "3.1"]
[White "Klepek, Witold"]
[Black "Winiarski, Mikolaj"]
[Result "0-1"]
[LiveChessVersion "1.4.6"]
[BlackElo "2070"]
[WhiteElo "1923"]

1. e4 {[%clk 0:15:19]} c5 {[%clk 0:15:17]} 2. Nf3 {[%clk 0:15:27]} d6
{[%clk 0:15:23]} 3. Bb5+ {[%clk 0:15:25]} Nc6 {[%clk 0:15:05]} 4. O-O
{[%clk 0:15:22]} Bd7 {[%clk 0:13:47]} 5. c4 {[%clk 0:14:01]} e5 {[%clk 0:13:22]}
6. Nc3 {[%clk 0:13:45]} Be7 {[%clk 0:12:13]} 7. d3 {[%clk 0:13:40]} Nf6
{[%clk 0:12:20]} 8. Rb1 {[%clk 0:12:06]} O-O {[%clk 0:12:04]} 9. a3
{[%clk 0:11:50]} Bg4 {[%clk 0:10:11]} 10. Bxc6 {[%clk 0:11:39]} bxc6
{[%clk 0:10:18]} 11. h3 {[%clk 0:11:37]} Be6 {[%clk 0:09:50]} 12. Ng5
{[%clk 0:11:06]} Bd7 {[%clk 0:09:59]} 13. f4 {[%clk 0:10:54]} exf4
{[%clk 0:09:27]} 14. Bxf4 {[%clk 0:11:02]} h6 {[%clk 0:09:36]} 15. Nf3
{[%clk 0:11:08]} Be6 {[%clk 0:09:35]} 16. Qe2 {[%clk 0:09:12]} d5
{[%clk 0:08:54]} 17. e5 {[%clk 0:08:42]} Nh5 {[%clk 0:08:20]} 18. Bh2
{[%clk 0:08:44]} g6 {[%clk 0:08:23]} 19. Kh1 {[%clk 0:07:32]} Ng7
{[%clk 0:08:15]} 20. cxd5 {[%clk 0:06:26]} cxd5 {[%clk 0:08:20]} 21. d4
{[%clk 0:05:58]} c4 {[%clk 0:08:15]} 22. Qd2 {[%clk 0:05:51]} Kh7
{[%clk 0:08:04]} 23. Rbe1 {[%clk 0:05:45]} Rb8 {[%clk 0:08:00]} 24. Bf4
{[%clk 0:04:40]} g5 {[%clk 0:07:57]} 25. Be3 {[%clk 0:04:49]} Rh8
{[%clk 0:07:38]} 26. Nh2 {[%clk 0:04:23]} Kg8 {[%clk 0:07:05]} 27. Qf2
{[%clk 0:04:07]} h5 {[%clk 0:06:49]} 28. Kg1 {[%clk 0:03:28]} Qe8
{[%clk 0:05:02]} 29. Nf3 {[%clk 0:03:05]} Qd8 {[%clk 0:05:04]} 30. Nh2
{[%clk 0:02:24]} Rh7 {[%clk 0:04:55]} 31. g4 {[%clk 0:01:40]} hxg4
{[%clk 0:04:47]} 32. hxg4 {[%clk 0:01:36]} Rh4 {[%clk 0:04:37]} 33. Qg2
{[%clk 0:01:30]} Qd7 {[%clk 0:04:29]} 34. Nd1 {[%clk 0:01:24]} Rb3
{[%clk 0:04:29]} 35. Bf2 {[%clk 0:01:31]} Rh6 {[%clk 0:04:00]} 36. Re3
{[%clk 0:01:38]} Rb8 {[%clk 0:03:46]} 37. Rh3 {[%clk 0:01:25]} Rxh3
{[%clk 0:03:50]} 38. Qxh3 {[%clk 0:01:34]} Rb3 {[%clk 0:03:59]} 39. Be3
{[%clk 0:01:43]} c3 {[%clk 0:02:55]} 40. bxc3 {[%clk 0:01:48]} Rxa3
{[%clk 0:03:04]} 41. Qh6 {[%clk 0:00:48]} Bxg4 {[%clk 0:02:26]} 42. Bxg5
{[%clk 0:00:46]} Bxg5 {[%clk 0:02:16]} 43. Qxg5 {[%clk 0:00:51]} Bxd1
{[%clk 0:01:49]} 44. Rxd1 {[%clk 0:00:45]} Qh3 {[%clk 0:01:24]} 0-1